[Event "FIDE Grand Swiss"]
[Site "Samarkand UZB"]
[Date "2025.09.14"]
[Round "10.2"]
[White "Vincent Keymer"]
[Black "Matthias Bluebaum"]
[Result "1/2-1/2"]
[EventDate "2025.09.04"]
[WhiteElo "2730"]
[BlackElo "2660"]
[PlyCount "126"]

1. Nf3 d5 2. g3 Nf6 3. Bg2 e6 4. O-O Be7 5. d3 O-O 6. Nc3 d4 7. Ne4 Nxe4 8. dxe4 c5 9. e3 Nc6 10. exd4 Nxd4 11. Nd2 b6 12. e5 Ba6 13. Re1 Rc8 14. c3 Nc6 15. Qa4 Bb7 16. Qg4 b5 17. a4 a6 18. Nf3 Kh8 19. Qh5 Qe8 20. axb5 axb5 21. Bg5 f6 22. Qxe8 Rfxe8 23. exf6 gxf6 24. Bh6 Nd8 25. Ra5 b4 26. c4 Nf7 27. Be3 Ra8 28. Rxa8 Rxa8 29. Nd2 Bxg2 30. Kxg2 Ra2 31. Ne4 Rxb2 32. Ra1 Kg7 33. Ra7 Bf8 34. Bxc5 Bxc5 35. Nxc5 e5 36. Ne4 Kg6 37. Ra6 Rc2 38. Rxf6+ Kg7 39. Rc6 b3 40. c5 b2 41. Rb6 Nd8 42. Nd6 Ne6 43. Nf5+ Kf6 44. Ne3 Rxc5 45. Rxb2 h5 46. Rb4 Nd4 47. h4 Ke6 48. Rb6+ Ke7 49. Nf1 Nf5 50. Nd2 Rc2 51. Ne4 Re2 52. Nc3 Rd2 53. Rb7+ Ke6 54. Rh7 Nxg3 55. Rh6+ Kf7 56. Nb1 Rb2 57. Kxg3 Rxb1 58. Rxh5 Rb3+ 59. Kg2 Rb4 60. f3 Kf6 61. Kg3 Rb3 62. Rh6+ Kf5 63. Rh5+ Kf6 1/2-1/2

[Event "FIDE Grand Swiss"]
[Site "Samarkand UZB"]
[Date "2025.09.13"]
[Round "9.3"]
[White "Parham Maghsoodloo"]
[Black "Vincent Keymer"]
[Result "0-1"]
[EventDate "2025.09.04"]
[WhiteElo "2692"]
[BlackElo "2751"]
[PlyCount "140"]

1. Nf3 Nf6 2. g3 c5 3. Bg2 Nc6 4. O-O e5 5. e4 Be7 6. Nc3 d6 7. d3 Bg4 8. h3 Be6 9. Ng5 Bd7 10. f4 exf4 11. gxf4 h6 12. Nf3 g5 13. Nh2 gxf4 14. Ne2 Nh5 15. Nxf4 Nxf4 16. Bxf4 Be6 17. Kh1 Qd7 18. Qh5 O-O-O 19. c3 Rdg8 20. d4 cxd4 21. cxd4 Nxd4 22. Rfd1 Bg5 23. Bg3 Bf6 24. Bf4 Kb8 25. Rd3 Ka8 26. Rad1 Rg5 27. Qh4 Rg6 28. Qf2 Rhg8 29. Rg3 Rxg3 30. Bxg3 Be5 31. Nf1 Bxh3 32. Rxd4 Bxd4 33. Qxd4 h5 34. e5 Bxg2+ 35. Kxg2 h4 36. Qxh4 dxe5 37. Qe4 f6 38. Kf2 a6 39. a4 Rg4 40. Qf3 Qd4+ 41. Kg2 Qxb2+ 42. Kh3 Rg6 43. Bf2 Qc2 44. Ng3 Qxa4 45. Qe3 Qd4 46. Qe2 Qd7+ 47. Kh2 Rg4 48. Qe3 Qd4 49. Qe2 Qf4 50. Qc2 Qc4 51. Qd2 Rg8 52. Qb2 Rh8+ 53. Kg1 Rc8 54. Ne2 Qc6 55. Qa3 Qe4 56. Qa2 Qf3 57. Qe6 Rd8 58. Ng3 Kb8 59. Nf1 Qc6 60. Qe7 Rg8+ 61. Ng3 a5 62. Qf7 Rd8 63. Qe7 Qd6 64. Qf7 a4 65. Nf1 a3 66. Ne3 f5 67. Kh2 f4 68. Nc4 Qh6+ 69. Kg2 Qc6+ 70. Kf1 Qh1+ 0-1

[Event "FIDE Grand Swiss"]
[Site "Samarkand UZB"]
[Date "2025.09.12"]
[Round "8.5"]
[White "Vincent Keymer"]
[Black "Santosh Gujrathi Vidit"]
[Result "1-0"]
[EventDate "2025.09.04"]
[WhiteElo "2751"]
[BlackElo "2712"]
[PlyCount "126"]

1. e4 e5 2. Nf3 Nc6 3. Bb5 Nf6 4. d3 Bc5 5. Bxc6 dxc6 6. O-O Nd7 7. Nbd2 a5 8. Nc4 Qe7 9. Re1 O-O 10. a4 b6 11. Ne3 Bxe3 12. Bxe3 c5 13. Nd2 Bb7 14. b3 Qe6 15. Nf1 Qg6 16. Ng3 f5 17. exf5 Rxf5 18. h3 Qc6 19. f3 Rf6 20. Bd2 Rg6 21. Kh2 Qd6 22. Re3 h5 23. Ne4 Bxe4 24. fxe4 Rf8 25. Rf3 h4 26. Qe2 Rxf3 27. Qxf3 Nf8 28. Rc1 Ne6 29. Qh5 Nf4 30. Bxf4 exf4 31. e5 Qc6 32. Rg1 Rg3 33. Qxh4 g5 34. Qh5 Kg7 35. h4 Qg6 36. Qxg6+ Kxg6 37. Re1 Re3 38. h5+ Kxh5 39. Rxe3 fxe3 40. Kg1 Kg6 41. Kf1 Kf5 42. Ke2 Kxe5 43. Kxe3 c6 44. c4 Kf5 45. Kf3 Kf6 46. Ke4 Ke6 47. g3 Kf6 48. g4 Ke6 49. d4 cxd4 50. Kxd4 Kd6 51. c5+ bxc5+ 52. Kc4 Ke5 53. Kxc5 Kf4 54. b4 axb4 55. Kxb4 Kxg4 56. a5 Kh3 57. a6 g4 58. a7 g3 59. a8=Q g2 60. Qa7 Kh2 61. Qf2 Kh1 62. Qh4+ Kg1 63. Kc3 1-0

[Event "FIDE Grand Swiss"]
[Site "Samarkand UZB"]
[Date "2025.09.11"]
[Round "7.5"]
[White "Nikolas Theodorou"]
[Black "Vincent Keymer"]
[Result "1/2-1/2"]
[EventDate "2025.09.04"]
[WhiteElo "2646"]
[BlackElo "2751"]
[PlyCount "62"]

1. d4 Nf6 2. c4 e6 3. Nf3 b6 4. a3 Bb7 5. Nc3 d5 6. cxd5 Nxd5 7. Nxd5 Qxd5 8. g3 Nc6 9. Be3 Bd6 10. Bg2 Qb5 11. O-O Ne7 12. a4 Qh5 13. a5 O-O 14. Qd3 f5 15. axb6 axb6 16. Rxa8 Bxa8 17. Bd2 Be4 18. Qb5 Bc6 19. Qd3 f4 20. Rc1 h6 21. Ne1 Bd5 22. gxf4 Ng6 23. Bf3 Bxf3 24. Qxf3 Qxf3 25. Nxf3 Nxf4 26. Bxf4 Rxf4 27. Kg2 Rg4+ 28. Kf1 Rf4 29. Kg2 Rg4+ 30. Kf1 Rf4 31. Kg2 1/2-1/2

[Event "FIDE Grand Swiss"]
[Site "Samarkand UZB"]
[Date "2025.09.09"]
[Round "6.11"]
[White "Vincent Keymer"]
[Black "Robert Hovhannisyan"]
[Result "1-0"]
[EventDate "2025.09.04"]
[WhiteElo "2751"]
[BlackElo "2629"]
[PlyCount "228"]

1. Nf3 d5 2. g3 g6 3. Bg2 Bg7 4. O-O e5 5. d3 Nc6 6. Nc3 Nge7 7. e4 O-O 8. exd5 Nxd5 9. Nxd5 Qxd5 10. Re1 Qd8 11. Bg5 Qd6 12. Nd2 Qd7 13. Nc4 b6 14. Bf6 Bxf6 15. Qf3 Qe7 16. Qxc6 Rb8 17. Nxe5 Bxe5 18. d4 Qb4 19. dxe5 Bb7 20. Qxc7 Bxg2 21. Kxg2 Qxb2 22. Qxa7 Ra8 23. Qd7 Qxc2 24. e6 Rad8 25. exf7+ Kg7 26. Qe6 Rxf7 27. Qxb6 Rd6 28. Qe3 Rxf2+ 29. Qxf2 Rd2 30. Re7+ Kg8 31. Rf7 h5 32. Re1 Rxf2+ 33. Rxf2 Qc6+ 34. Kg1 h4 35. gxh4 Qc5 36. Re4 Kg7 37. Kg2 Kh6 38. a4 Qc6 39. Re2 Qd5 40. Kf2 Qc5+ 41. Kf3 Qg1 42. Rf2 Qh1+ 43. Ke3 Qc1+ 44. Rd2 Qg1+ 45. Kf3 Qh1+ 46. Kf4 Qf1+ 47. Kg3 Qg1+ 48. Rg2 Qb1 49. Rge2 Qg1+ 50. Kf3 Qf1+ 51. Ke3 Qd1 52. Rb4 Qd5 53. Rc2 Qa5 54. Rbc4 Qd5 55. Rd4 Qf5 56. Rdc4 Qh3+ 57. Kd4 Qxh4+ 58. Kc3 Qf6+ 59. Kb4 Qb6+ 60. Ka3 Qe3+ 61. R2c3 Qg1 62. h3 Qa1+ 63. Kb4 Qb1+ 64. Ka5 Qb7 65. Rc5 Qb8 66. Rc7 Qb2 67. Ka6 Qe2+ 68. R7c4 Qe6+ 69. Rc6 Qe2+ 70. R3c4 Qe8 71. a5 Qb8 72. h4 Kh5 73. Rc8 Qd6+ 74. Kb5 Qd7+ 75. R8c6 Kh6 76. a6 Qf5+ 77. R6c5 Qf3 78. Kb6 Qf6+ 79. Rc6 Qb2+ 80. Ka7 Qf2+ 81. Ka8 Qf3 82. a7 Qb3 83. R4c5 Qg8+ 84. Rc8 Qb3 85. Rh8+ Kg7 86. Rd8 Kh6 87. Rdd5 Qf3 88. h5 Qf8+ 89. Kb7 Qf7+ 90. Kb6 Qe6+ 91. Rc6 Qxd5 92. a8=Q Qb3+ 93. Ka7 Qa3+ 94. Kb8 Qf8+ 95. Rc8 Qf4+ 96. Kb7 Qb4+ 97. Kc6 Qc4+ 98. Kd6 Qf4+ 99. Kd5 Qf3+ 100. Kd4 Qd1+ 101. Ke3 Qe1+ 102. Kd4 Qd2+ 103. Ke5 Qh2+ 104. Ke6 Qh3+ 105. Ke7 Qh4+ 106. Ke8 Qe1+ 107. Kf7 Qf2+ 108. Kg8 Qf6 109. Rc7 Qe6+ 110. Rf7 g5 111. Qf3 g4 112. Qf4+ Kxh5 113. Kg7 Qg6+ 114. Kh8 1-0

[Event "FIDE Grand Swiss"]
[Site "Samarkand UZB"]
[Date "2025.09.08"]
[Round "5.5"]
[White "MarcAndria Maurizzi"]
[Black "Vincent Keymer"]
[Result "1-0"]
[EventDate "2025.09.04"]
[WhiteElo "2604"]
[BlackElo "2730"]
[PlyCount "110"]

1. e4 c5 2. Nf3 d6 3. d4 cxd4 4. Nxd4 Nf6 5. Bd3 Nc6 6. Be3 Ng4 7. Nxc6 bxc6 8. Bd2 Rb8 9. O-O e5 10. b3 Be7 11. c4 O-O 12. Nc3 Be6 13. h3 Nf6 14. Qe2 Nd7 15. Rad1 Nc5 16. Bc2 a5 17. f4 exf4 18. Bxf4 a4 19. e5 axb3 20. axb3 d5 21. Qf3 Nxb3 22. cxd5 cxd5 23. Nxd5 Bxd5 24. Rxd5 Qb6+ 25. Kh2 Nd4 26. Bxh7+ Kxh7 27. Qe4+ Qg6 28. Qxd4 Rfd8 29. Rf3 Qe6 30. Rxd8 Rxd8 31. Qe4+ Kg8 32. Rc3 Qd5 33. Qxd5 Rxd5 34. Rc8+ Rd8 35. Rxd8+ Bxd8 36. Kg3 g6 37. h4 f6 38. e6 Kf8 39. Kg4 Ke7 40. h5 gxh5+ 41. Kf5 Ba5 42. Be3 Bc3 43. Bc5+ Ke8 44. Kg6 h4 45. Bf2 Bb2 46. Bxh4 Ke7 47. Kf5 Bd4 48. Be1 Bb2 49. Bb4+ Ke8 50. Bc5 Bc3 51. Be3 Ke7 52. Bh6 Be1 53. Bg7 Bh4 54. Bh8 Bg5 55. g3 1-0

[Event "FIDE Grand Swiss"]
[Site "Samarkand UZB"]
[Date "2025.09.07"]
[Round "4.5"]
[White "Vincent Keymer"]
[Black "Frederik Svane"]
[Result "1-0"]
[EventDate "2025.09.04"]
[WhiteElo "2751"]
[BlackElo "2643"]
[PlyCount "144"]

1. e4 e5 2. Nf3 Nc6 3. Bb5 a6 4. Ba4 Nf6 5. O-O Nxe4 6. d4 b5 7. Bb3 d5 8. dxe5 Be6 9. c3 Bc5 10. Nbd2 O-O 11. Bc2 Nxf2 12. Rxf2 f6 13. exf6 Qxf6 14. Qf1 Rae8 15. Nb3 Bxf2+ 16. Qxf2 Ne5 17. Nbd4 Bg4 18. Bg5 Qb6 19. Qh4 Nxf3+ 20. gxf3 Bf5 21. Bb3 c6 22. Be7 Rf7 23. Re1 Bd7 24. Re5 c5 25. Bxc5 Qxc5 26. Rxd5 Qc7 27. Qh5 Ree7 28. Rc5 Qd6 29. Bxf7+ Rxf7 30. Rd5 Qf8 31. a3 h6 32. Qg6 Qe8 33. Qd3 Qe1+ 34. Qf1 Qe3+ 35. Qf2 Qc1+ 36. Kg2 Re7 37. h4 Qf4 38. Ne2 Qf6 39. Rd4 Qg6+ 40. Ng3 Bc6 41. Rd8+ Re8 42. Rxe8+ Qxe8 43. Qc5 Qe6 44. Kf2 Qf6 45. Qh5 Qf4 46. Qg4 Qd2+ 47. Ne2 Be8 48. Qc8 Kf7 49. Qxa6 Qxb2 50. Qb7+ Kf8 51. a4 b4 52. Qxb4+ Qxb4 53. cxb4 Bxa4 54. Nd4 Bd7 55. b5 Ke7 56. h5 Kd6 57. Ke3 Kc5 58. Ke4 Kb6 59. Nf5 Bxb5 60. Ke5 Be2 61. Kf4 Bb5 62. Nxg7 Bc6 63. Nf5 Be8 64. Ng3 Bc6 65. Ne4 Be8 66. Kg4 Bd7+ 67. Kg3 Be8 68. Nf6 Bf7 69. Kh4 Kc5 70. Ng4 Bd5 71. f4 Kd4 72. Nxh6 1-0

[Event "FIDE Grand Swiss"]
[Site "Samarkand UZB"]
[Date "2025.09.06"]
[Round "3.5"]
[White "Yagiz Kaan Erdogmus"]
[Black "Vincent Keymer"]
[Result "1/2-1/2"]
[EventDate "2025.09.04"]
[WhiteElo "2646"]
[BlackElo "2751"]
[PlyCount "148"]

1. e4 e5 2. Nf3 Nc6 3. Bb5 a6 4. Ba4 Nf6 5. O-O Be7 6. Re1 b5 7. Bb3 O-O 8. c3 d6 9. h3 Bd7 10. d4 a5 11. Nbd2 a4 12. Bc2 Re8 13. Nf1 Bf8 14. Ng3 g6 15. Be3 exd4 16. cxd4 Nb4 17. Bb1 a3 18. bxa3 Rxa3 19. Qc1 Ra6 20. Bg5 Be7 21. a3 h5 22. Qd2 Nc6 23. Ba2 Nh7 24. Bxe7 Qxe7 25. Ne2 Rea8 26. Nc3 Na5 27. Nd5 Qd8 28. Rac1 Nc4 29. Bxc4 bxc4 30. Rxc4 Be6 31. Qc1 Bxd5 32. exd5 Nf6 33. Rxc7 Nxd5 34. Rb7 Rxa3 35. Qc6 Rxf3 36. gxf3 Qg5+ 37. Kh2 Qf4+ 38. Kg1 Qg5+ 39. Kf1 Qf5 40. Rxf7 Kxf7 41. Qxa8 Qxh3+ 42. Kg1 Qxf3 43. Qb7+ Kf6 44. Qd7 Qg4+ 45. Qxg4 hxg4 46. Ra1 Nf4 47. Ra6 Ke6 48. Kh2 Ne2 49. Ra2 Nxd4 50. Kg3 Ke5 51. Kxg4 Ne6 52. Re2+ Kf6 53. f4 Nd8 54. Rd2 Nf7 55. Rd5 Ke6 56. Ra5 Kf6 57. Kf3 Ke6 58. Ke4 Kf6 59. Ra7 Ke6 60. Ra6 Kf6 61. Ra5 Ke6 62. Ra7 Kf6 63. Rb7 Ke6 64. Kd4 Kf6 65. Ke4 Ke6 66. Rb8 d5+ 67. Kf3 g5 68. Rb6+ Kf5 69. Rb7 Kf6 70. Rxf7+ Kxf7 71. fxg5 Kg6 72. Ke3 Kxg5 73. Kd4 Kf5 74. Kxd5 1/2-1/2

[Event "FIDE Grand Swiss"]
[Site "Samarkand UZB"]
[Date "2025.09.05"]
[Round "2.11"]
[White "Vincent Keymer"]
[Black "Jeffery Xiong"]
[Result "1-0"]
[EventDate "2025.09.04"]
[WhiteElo "2751"]
[BlackElo "2640"]
[PlyCount "107"]

1. c4 e6 2. Nc3 d5 3. d4 c5 4. cxd5 exd5 5. Nf3 Nc6 6. g3 Nf6 7. a3 cxd4 8. Nxd4 Bc5 9. Be3 Bb6 10. Bg2 O-O 11. O-O Re8 12. h3 Rxe3 13. fxe3 Qd6 14. Rf3 Bd7 15. Kh2 Ne5 16. Rf4 Re8 17. Qf1 Nh5 18. Nxd5 Nxf4 19. Qxf4 Bd8 20. Rd1 Qg6 21. Nf3 Nxf3+ 22. exf3 Bxh3 23. Qa4 Qc6 24. Qxc6 bxc6 25. Kxh3 cxd5 26. Rxd5 Bb6 27. e4 Rd8 28. Rb5 Rd2 29. a4 g6 30. a5 Bg1 31. f4 h5 32. e5 h4 33. gxh4 Rd3+ 34. Kg4 Bh2 35. Bf3 Rd4 36. Rb8+ Kg7 37. Rb7 Rxf4+ 38. Kh3 Rxf3+ 39. Kxh2 Re3 40. b4 Rxe5 41. a6 Re4 42. Kg3 Kf6 43. b5 Rb4 44. Kf3 Ke6 45. Ke3 f5 46. Rxa7 Rb3+ 47. Kf4 Rb4+ 48. Kg5 Rxb5 49. Ra8 Rb4 50. a7 Rg4+ 51. Kh6 Ra4 52. Kxg6 Rg4+ 53. Kh5 Rg7 54. Re8+ 1-0

[Event "FIDE Grand Swiss 2025"]
[Site "Samarkand UZB"]
[Date "2025.09.04"]
[Round "1.5"]
[White "Ediz Gurel"]
[Black "Vincent Keymer"]
[Result "1/2-1/2"]
[EventDate "2025.09.04"]
[WhiteElo "2631"]
[BlackElo "2751"]
[PlyCount "72"]

1. e4 e5 2. Nf3 Nc6 3. Bb5 a6 4. Bxc6 dxc6 5. O-O Qf6 6. d4 exd4 7. Bg5 Qd6 8. Nxd4 Be7 9. Bxe7 Nxe7 10. Nc3 Bd7 11. Nb3 O-O-O 12. Qh5 Ng6 13. Rad1 Qf4 14. Rd4 Qg4 15. Qxg4 Bxg4 16. f3 Rxd4 17. Nxd4 Bd7 18. Kf2 Ne5 19. Nd1 c5 20. Ne2 f5 21. exf5 Bxf5 22. Ne3 Be6 23. a3 Rf8 24. h4 Kd7 25. Kg3 b5 26. Nf4 Bf7 27. Rd1+ Kc6 28. Nd3 Nxd3 29. Rxd3 Be6 30. h5 b4 31. Kf2 a5 32. a4 g6 33. hxg6 hxg6 34. g4 Rh8 35. f4 c4 36. Rd1 1/2-1/2

[Event "Chennai Grand Masters"]
[Site "Chennai IND"]
[Date "2025.08.15"]
[Round "9.4"]
[White "Ray Robson"]
[Black "Vincent Keymer"]
[Result "0-1"]
[EventDate "2025.08.07"]
[WhiteElo "2687"]
[BlackElo "2730"]
[PlyCount "82"]

1. d4 Nf6 2. c4 e6 3. Nf3 b6 4. a3 Bb7 5. Nc3 g6 6. Qc2 d5 7. cxd5 exd5 8. Bf4 a6 9. g3 Bg7 10. Bg2 O-O 11. O-O Re8 12. Rfd1 Nbd7 13. Rac1 c6 14. a4 a5 15. Bd6 h5 16. e3 Nb8 17. Be5 Na6 18. b3 Nb4 19. Qb1 Bc8 20. Qb2 Bf5 21. Qe2 Bf8 22. h4 Bg4 23. Na2 Rc8 24. Nxb4 axb4 25. Qa6 Ne4 26. a5 bxa5 27. Rxc6 Rxc6 28. Qxc6 Qa8 29. Rc1 Qxc6 30. Rxc6 Rc8 31. Rxc8 Bxc8 32. Ng5 Nc3 33. Nf3 a4 34. bxa4 b3 35. Bf1 b2 36. Bd3 Bb4 37. Kg2 Bf5 38. Bxf5 gxf5 39. Nd2 Nxa4 40. Nb1 Nc3 41. Nd2 Nb5 0-1

[Event "Chennai Grand Masters"]
[Site "Chennai IND"]
[Date "2025.08.14"]
[Round "8"]
[White "Vincent Keymer"]
[Black "Van Foreest, Jorden"]
[Result "1/2-1/2"]
[EventDate "2025.08.07"]
[WhiteElo "2730"]
[BlackElo "2697"]
[PlyCount "118"]

1. Nf3 Nf6 2. c4 g6 3. g3 Bg7 4. Bg2 O-O 5. d4 d6 6. Nc3 Bf5 7. Nh4 Bc8 8. O-O e5 9. Nf3 Nc6 10. h3 exd4 11. Nxd4 Nxd4 12. Qxd4 c6 13. Qh4 Nd7 14. Bg5 f6 15. Bh6 f5 16. Qxd8 Rxd8 17. Bxg7 Kxg7 18. Rad1 Nf6 19. Rd4 Be6 20. Rfd1 Rd7 21. e4 fxe4 22. Rxd6 Rxd6 23. Rxd6 Bxc4 24. Nxe4 Nxe4 25. Rd7+ Kf6 26. Bxe4 Re8 27. f3 Re7 28. Rxe7 Kxe7 29. a3 Kd6 30. Kf2 b5 31. b4 c5 32. Ke3 Bd5 33. Bc2 Kc6 34. f4 Kb6 35. g4 a5 36. bxa5+ Kxa5 37. h4 b4 38. axb4+ cxb4 39. Kd4 b3 40. Bd3 Bf3 41. g5 Kb4 42. f5 gxf5 43. Bxf5 Bd1 44. g6 hxg6 45. Bxg6 b2 46. Bb1 Bh5 47. Bc2 Be2 48. Bb1 Kb3 49. Ke3 Bg4 50. Kd2 Bh5 51. Bc2+ Ka2 52. Bd3 Ka1 53. Bc2 Bf7 54. Bd3 Bc4 55. Bc2 Ba2 56. h5 Bb1 57. Bxb1 Kxb1 58. h6 Ka2 59. h7 1/2-1/2

[Event "Chennai Grand Masters"]
[Site "Chennai IND"]
[Date "2025.08.13"]
[Round "7.3"]
[White "Awonder Liang"]
[Black "Vincent Keymer"]
[Result "0-1"]
[EventDate "2025.08.07"]
[WhiteElo "2696"]
[BlackElo "2730"]
[PlyCount "78"]

1. e4 e5 2. Nf3 Nc6 3. Bc4 Nf6 4. d3 h6 5. O-O d6 6. d4 Bg4 7. c3 Be7 8. d5 Nb8 9. Bd3 Nbd7 10. Re1 c6 11. c4 Nc5 12. Nc3 Nxd3 13. Qxd3 O-O 14. h3 Bd7 15. Be3 cxd5 16. cxd5 Nh7 17. Qc4 Kh8 18. Rac1 f5 19. Qb3 f4 20. Bd2 b5 21. Ne2 Qe8 22. Rc7 Bd8 23. Rb7 a5 24. Nxf4 Bc8 25. Rxb5 exf4 26. Rb8 a4 27. Qb4 Ba5 28. Qxd6 Rxb8 29. Bxa5 Rxb2 30. Bc3 Rc2 31. Bd4 Kg8 32. h4 Rc4 33. Qb6 Nf6 34. Qb2 Qe7 35. d6 Qb7 36. Qe2 Be6 37. Qd3 Ng4 38. e5 Rfc8 39. Qd2 0-1

[Event "Chennai Grand Masters"]
[Site "Chennai IND"]
[Date "2025.08.11"]
[Round "5.2"]
[White "Santosh Gujrathi Vidit"]
[Black "Vincent Keymer"]
[Result "1/2-1/2"]
[EventDate "2025.08.07"]
[WhiteElo "2720"]
[BlackElo "2730"]
[PlyCount "80"]

1. d4 Nf6 2. c4 e6 3. g3 c5 4. Nf3 cxd4 5. Nxd4 Bb4+ 6. Bd2 Be7 7. Bg2 O-O 8. Nc3 Nc6 9. Bf4 Qb6 10. Ndb5 a6 11. Bc7 Qc5 12. Bd6 Bxd6 13. Nxd6 Nd4 14. e3 Qxd6 15. exd4 Rb8 16. O-O b6 17. Rc1 Bb7 18. d5 Qb4 19. b3 b5 20. Ne4 Nxe4 21. Bxe4 g6 22. Bg2 bxc4 23. Rxc4 Qb5 24. dxe6 dxe6 25. Bxb7 Qxb7 26. Qd2 Rbc8 27. Rfc1 h5 28. Rxc8 Rxc8 29. Rxc8+ Qxc8 30. h4 Qc5 31. b4 Qc6 32. Qd8+ Kg7 33. Qd4+ Kg8 34. Qb2 Qa4 35. Qd2 e5 36. Qd8+ Kg7 37. Qd2 Kg8 38. Qd8+ Kg7 39. Qd2 Kg8 40. Qd8+ Kg7 1/2-1/2

[Event "Chennai Grand Masters"]
[Site "Chennai IND"]
[Date "2025.08.10"]
[Round "4.5"]
[White "Vincent Keymer"]
[Black "Anish Giri"]
[Result "1/2-1/2"]
[EventDate "2025.08.07"]
[WhiteElo "2730"]
[BlackElo "2748"]
[PlyCount "56"]

1. d4 Nf6 2. Nf3 d5 3. e3 e6 4. Nbd2 Be7 5. b3 O-O 6. Bb2 b6 7. Bd3 Bb7 8. O-O Nbd7 9. Qe2 Ne4 10. Rfd1 a5 11. c4 a4 12. cxd5 Nxd2 13. Qxd2 a3 14. Bc3 exd5 15. Ne5 Nf6 16. f3 c5 17. Qf2 g6 18. Bb5 Qd6 19. Rac1 Rfc8 20. Nd3 Bf8 21. Qg3 Qd8 22. Ne5 Bg7 23. Qh4 Qd6 24. Qf4 Qe7 25. Qh4 Qd6 26. Qf4 Qe7 27. Qh4 Qd6 28. Qf4 1/2-1/2

[Event "Chennai Grand Masters"]
[Site "Chennai IND"]
[Date "2025.08.09"]
[Round "3.1"]
[White "Vincent Keymer"]
[Black "Murali Karthikeyan"]
[Result "1-0"]
[EventDate "2025.08.07"]
[WhiteElo "2730"]
[BlackElo "2658"]
[PlyCount "60"]

1. e4 c5 2. Nf3 e6 3. d4 cxd4 4. Nxd4 Nc6 5. Nc3 Nf6 6. Bf4 d6 7. Bb5 Bd7 8. Nxc6 Bxc6 9. Qd3 a6 10. Bxc6+ bxc6 11. O-O-O d5 12. h4 Be7 13. h5 h6 14. Qg3 Kf8 15. Kb1 Ra7 16. Be5 Rg8 17. f4 Nd7 18. exd5 exd5 19. Ne2 Rb7 20. b3 g5 21. Qd3 gxf4 22. Bxf4 Bg5 23. Rhf1 Nc5 24. Qc3 Ne4 25. Qxc6 Rd7 26. Nd4 Bxf4 27. Rxf4 Rd6 28. Ne6+ Rxe6 29. Qxe6 Nc3+ 30. Ka1 1-0

[Event "Chennai Grand Masters"]
[Site "Chennai IND"]
[Date "2025.08.08"]
[Round "2.5"]
[White "V Pranav"]
[Black "Vincent Keymer"]
[Result "0-1"]
[EventDate "2025.08.07"]
[WhiteElo "2597"]
[BlackElo "2730"]
[PlyCount "92"]

1. e4 c5 2. Nf3 d6 3. Bb5+ Nd7 4. O-O a6 5. Be2 Ngf6 6. d3 g6 7. c4 Bg7 8. Nc3 b6 9. d4 cxd4 10. Nxd4 Bb7 11. f3 O-O 12. Be3 e6 13. Qd2 Qc7 14. Rac1 Rac8 15. b4 Qb8 16. Nb3 Ne5 17. Na4 b5 18. Nb6 bxc4 19. Nxc8 Rxc8 20. Na5 d5 21. Bd4 Nc6 22. Nxc6 Bxc6 23. e5 Ne8 24. f4 Bf8 25. a3 Nc7 26. Rf3 Ba4 27. Bf2 Nb5 28. h4 h5 29. Rg3 Kh7 30. Bxh5 Bh6 31. Bd1 c3 32. Qe3 Bxd1 33. Rxd1 Rc4 34. Rf3 Nxa3 35. h5 Nc2 36. hxg6+ fxg6 37. Qc1 Nxb4 38. Rh3 c2 39. Rf1 Na2 40. Qa3 Qb4 41. Rxh6+ Kxh6 42. Qh3+ Kg7 43. f5 exf5 44. Be3 Rh4 45. Qf3 c1=Q 46. Bxc1 Nxc1 0-1

[Event "Chennai Grand Masters"]
[Site "Chennai IND"]
[Date "2025.08.07"]
[Round "1.2"]
[White "Vincent Keymer"]
[Black "Sarin Nihal"]
[Result "1-0"]
[EventDate "2025.08.07"]
[WhiteElo "2730"]
[BlackElo "2692"]
[PlyCount "104"]

1. d4 Nf6 2. c4 g6 3. Nc3 d5 4. Nf3 Bg7 5. Bg5 c5 6. dxc5 Be6 7. Nd4 Nc6 8. Nxe6 fxe6 9. cxd5 Nxd5 10. Nxd5 exd5 11. Qd2 Rf8 12. Rd1 Bd4 13. e3 Bxc5 14. a3 d4 15. b4 Bb6 16. Bh6 dxe3 17. Qxd8+ Nxd8 18. Bb5+ Nc6 19. Bxc6+ bxc6 20. Bxf8 exf2+ 21. Ke2 Kxf8 22. Rc1 Kg7 23. Rxc6 Rf8 24. a4 Bd4 25. Rb1 Rb8 26. Rc4 e5 27. Rc7+ Kh6 28. h4 Kh5 29. Rxh7+ Kg4 30. Rg7 Rb6 31. b5 Rd6 32. a5 Kxh4 33. Rc7 g5 34. Rc6 Rd7 35. b6 axb6 36. axb6 Rb7 37. Rb3 g4 38. Rd6 Bc5 39. Rg6 Kh5 40. Rc6 Bd4 41. Rd6 Bc5 42. Re6 Bd4 43. g3 Kg5 44. Rd6 Bc5 45. Rc6 Bd4 46. Rb1 Kf5 47. Kf1 Kg5 48. Kg2 Kf5 49. Rb5 Rh7 50. Rc7 Rh8 51. b7 Ba7 52. Rc8 1-0

[Event "German Championship"]
[Site "Munich GER"]
[Date "2025.05.23"]
[Round "9.4"]
[White "Vincent Keymer"]
[Black "Alexander Donchenko"]
[Result "0-1"]
[EventDate "2025.05.15"]
[WhiteElo "2720"]
[BlackElo "2615"]
[PlyCount "92"]

1. c4 c5 2. Nf3 Nf6 3. Nc3 e6 4. e3 d5 5. d4 Nc6 6. dxc5 Bxc5 7. a3 O-O 8. b4 Bd6 9. Bb2 a5 10. b5 Ne5 11. Na4 Nxf3+ 12. gxf3 e5 13. c5 Bc7 14. Rg1 Re8 15. b6 Bb8 16. Bb5 Bd7 17. Qb3 d4 18. O-O-O Bxb5 19. Qxb5 Qd5 20. Rge1 Rd8 21. f4 d3 22. Kb1 exf4 23. e4 Qe6 24. Rxd3 Rxd3 25. Qxd3 Be5 26. Bxe5 Qxe5 27. Qd6 Qe8 28. c6 Rd8 29. Qc7 Rc8 30. Qxb7 Rxc6 31. Qa7 Nxe4 32. Qxa5 Qc8 33. Qb4 Rc4 34. Qb5 Nd6 35. Qd5 Rc6 36. Ka2 h6 37. Re7 Rc2+ 38. Kb3 Rc1 39. b7 Qc2+ 40. Kb4 Rb1+ 41. Ka5 Nc4+ 42. Qxc4 Qxc4 43. Re8+ Kh7 44. b8=Q Qd5+ 45. Ka6 Rxb8 46. Rxb8 Qd6+ 0-1

[Event "German Championship"]
[Site "Munich GER"]
[Date "2025.05.22"]
[Round "8.2"]
[White "Rasmus Svane"]
[Black "Vincent Keymer"]
[Result "1/2-1/2"]
[EventDate "2025.05.15"]
[WhiteElo "2629"]
[BlackElo "2720"]
[PlyCount "80"]

1. d4 Nf6 2. c4 e6 3. Nf3 b6 4. g3 Bb7 5. Bg2 Be7 6. O-O O-O 7. d5 Na6 8. Nd4 exd5 9. Nf5 c6 10. cxd5 cxd5 11. Nc3 Nc7 12. Bf4 Bc5 13. a3 a5 14. Rb1 Re8 15. b4 axb4 16. axb4 Bf8 17. Ne3 Rc8 18. Bxc7 Rxc7 19. Ncxd5 Bxd5 20. Nxd5 Nxd5 21. Bxd5 Qf6 22. Rb3 Rc3 23. Bf3 Re6 24. Qb1 d5 25. Rxc3 Qxc3 26. Rd1 Qxb4 27. Qxb4 Bxb4 28. Rxd5 Rd6 29. Rxd6 Bxd6 30. Bd5 Kf8 31. Kf1 b5 32. e3 b4 33. Ke2 Be5 34. h3 Ke7 35. g4 h6 36. f4 Bc3 37. Kd3 Be1 38. Ke2 Bc3 39. Kd3 Be1 40. Ke2 Bc3 1/2-1/2

[Event "German Championship"]
[Site "Munich GER"]
[Date "2025.05.21"]
[Round "7"]
[White "Vincent Keymer"]
[Black "M Bluebaum"]
[Result "1-0"]
[EventDate "2025.05.15"]
[WhiteElo "2720"]
[BlackElo "2660"]
[PlyCount "82"]

1. c4 c6 2. Nf3 d5 3. d4 Nf6 4. g3 Bg4 5. Ne5 Bf5 6. Qb3 Qb6 7. cxd5 Qxb3 8. axb3 Nxd5 9. Bd2 e6 10. Bg2 Nb4 11. O-O f6 12. e4 fxe5 13. exf5 Nc2 14. Ra5 Nxd4 15. Rxe5 Nd7 16. Re4 Nxf5 17. Rxe6+ Kf7 18. Re4 Nf6 19. Rf4 Kg6 20. Bh3 Nh6 21. Re1 Bd6 22. Rf3 Rhe8 23. Be6 Nfg4 24. h4 Ne5 25. Rxe5 Bxe5 26. g4 Bf4 27. Rxf4 Rxe6 28. h5+ Kg5 29. Rf8+ Kxg4 30. Rxa8 Nf5 31. Rxa7 Re7 32. h6 g5 33. Ra4+ Kh5 34. Nc3 Nxh6 35. Ne4 Nf7 36. Rd4 Kg6 37. Kg2 h5 38. Bb4 Re5 39. Bc3 Re7 40. Nd6 Ne5 41. Re4 1-0

[Event "German Championship"]
[Site "Munich GER"]
[Date "2025.05.20"]
[Round "6"]
[White "N Huschenbeth"]
[Black "Vincent Keymer"]
[Result "0-1"]
[EventDate "2025.05.15"]
[WhiteElo "2601"]
[BlackElo "2720"]
[PlyCount "124"]

1. e4 e5 2. Nf3 Nc6 3. Bc4 Nf6 4. Ng5 d5 5. exd5 Na5 6. Bb5+ c6 7. dxc6 bxc6 8. Bd3 Nd5 9. Nf3 Bd6 10. O-O O-O 11. Re1 Bg4 12. Bf1 f5 13. d3 h6 14. Nbd2 c5 15. c3 Nc6 16. Nc4 Bc7 17. Ne3 Nxe3 18. Bxe3 Qd6 19. Qb3+ Kh8 20. Qc4 Bxf3 21. gxf3 Qg6+ 22. Bg2 Rab8 23. b3 Rf6 24. Kh1 Qh5 25. h3 Rg6 26. Rg1 Rd8 27. Rae1 Ne7 28. Qf7 Bd6 29. f4 Nc6 30. Qd5 exf4 31. Bc1 Bc7 32. Qf3 Qxf3 33. Bxf3 Rxg1+ 34. Rxg1 Ne5 35. Bxf4 Nxf3 36. Bxc7 Rxd3 37. Rg3 Rxc3 38. Kg2 Nh4+ 39. Kf1 Rc1+ 40. Ke2 Kh7 41. Kd2 Rb1 42. Kd3 g5 43. f4 Rd1+ 44. Kc3 gxf4 45. Bxf4 Rf1 46. Bd6 f4 47. Rg4 Ng6 48. Rg2 f3 49. Rc2 a6 50. a4 h5 51. Bxc5 Nf4 52. h4 Kg6 53. b4 Kf5 54. b5 axb5 55. axb5 Rb1 56. Kc4 Ke4 57. Rc3 Nd5 58. Rc2 Ne3+ 59. Bxe3 Kxe3 60. Rc3+ Kf4 61. Rc2 Kg3 62. Rc3 Kg2 0-1